Dictionary of networking (Record no. 1898)

MARC details
000 -LEADER
fixed length control field 00340nam a2200133Ia 4500
020 ## - INTERNATIONAL STANDARD BOOK NUMBER
ISBN 81-7029-665-x
082 ## - DEWEY DECIMAL CLASSIFICATION NUMBER
Classification number RR 004.603 DYS-D
100 ## - MAIN ENTRY--AUTHOR NAME
Personal name Dyson, Pete;
245 #0 - TITLE STATEMENT
Title Dictionary of networking
260 ## - PUBLICATION, DISTRIBUTION, ETC. (IMPRINT)
Place of publication New Delhi
Name of publisher BPB Publications
Year of publication 1996
300 ## - PHYSICAL DESCRIPTION
Number of Pages xi, 404p.: appendix
650 ## - SUBJECT ADDED ENTRY--TOPICAL TERM
Topical Term Networks computer - Dictionaries
942 ## - ADDED ENTRY ELEMENTS (KOHA)
Koha item type Books
Holdings
Withdrawn status Lost status Damaged status Not for loan Home library Current library Date acquired Bill Date Full call number Accession Number Price effective from Koha item type
        NASSDOC Library NASSDOC Library 08/06/2004 2008-12-30 RR 004.603 DYS-D 35387 18/04/2019 Books